MANY LIVES MANY MASTERS (Record no. 4502)
[ view plain ]
| 000 -LEADER | |
|---|---|
| fixed length control field | 00331nam a2200133Ia 4500 |
| 008 - FIXED-LENGTH DATA ELEMENTS--GENERAL INFORMATION | |
| fixed length control field | 240624s9999 xx 000 0 und d |
| 041 ## - LANGUAGE CODE | |
| Language code of text/sound track or separate title | eng |
| 082 ## - DEWEY DECIMAL CLASSIFICATION NUMBER | |
| Classification number | 133.90135 WEI |
| 100 ## - MAIN ENTRY--PERSONAL NAME | |
| Personal name | WEISS BRIAN L |
| 245 ## - TITLE STATEMENT | |
| Title | MANY LIVES MANY MASTERS |
| 260 ## - PUBLICATION, DISTRIBUTION, ETC. | |
| Date of publication, distribution, etc. | 1988 |
| Place of publication, distribution, etc. | New York |
| Name of publisher, distributor, etc. | A Fireside Book |
| 300 ## - PHYSICAL DESCRIPTION | |
| Extent | 219 : p. : cm. ; 22 |
| 365 ## - TRADE PRICE | |
| Currency code | |
| Price amount | 20 |
| Withdrawn status | Lost status | Damaged status | Not for loan | Home library | Current library | Shelving location | Date acquired | Source of acquisition | Cost, normal purchase price | Total Holds | Full call number | Barcode | Date last seen | Copy number | Price effective from | Koha item type |
|---|---|---|---|---|---|---|---|---|---|---|---|---|---|---|---|---|
| IMTN | IMTN | Rack 2-B | 01/29/2007 | WBD | 7.50 | 860 | 133.90135 WEI | 4502 | 06/24/2024 | 47 | 06/24/2024 | Books |